Modalites pour une pratique autonome de la mathematique

Salvato in:
Dettagli Bibliografici
Ente Autore: Germe (Autore)
Natura: Libro
Lingua:francese
Pubblicazione: Neuchatel IRDP 1988
Soggetti:
Tags: Aggiungi Tag
Nessun Tag, puoi essere il primo ad aggiungerne!!

MARC

LEADER 00000nam a2200000 a 4500
001 UCU9397
003 CL-VaPUC
008 960816e19880000SZ |||||||||||||||||fre|d
082 0 4 |a 371.7  |b GER  |2 21 
110 2 |a Germe  |e author  |9 368456 
245 1 0 |a Modalites pour une pratique autonome de la mathematique 
300 |a 86 p 
942 |c BK 
945 |d 19960816 00:00:00  |a rleighto 
260 |a Neuchatel  |b IRDP  |c 1988 
650 0 |a Matemática  |9 260235 
650 0 |a Métodos de enseñanza  |9 270413 
650 7 |a ESTUDIO DE LAS MATEMATICAS  |2 CL-VaPUC  |9 368457 
583 |a last modification  |c 19960816 00:00:00  |k Rodrigo Vera 
999 |c 251146  |d 251144 
952 |0 0  |1 0  |4 0  |6 371_700000000000000_GER_1988  |7 0  |8 A  |9 270123  |a BIBMAT  |b BIBMAT  |c E_DIDACT  |d 2019-11-19  |i 3220362  |o 371.7 GER 1988  |p 3220362  |r 2025-01-07  |w 2019-11-19  |y BK  |k MAT